Quand la Musique Est Bonne (Paroles) - Statistiques

Statistiques générales
  • Ce quiz a été pris 224 fois
  • Le résultat moyen est 15 sur 26
Statistiques - réponses
Paroles à compléter Mot(s) manquant(s) % Correct
J'ai trop saigné sur les ______ gibson
85%
Quand la _______ est bonne musique
82%
Quand la musique _____ donne
76%
Trois notes de blues c'est un peu d'_____ ____ amour noir
75%
Quand elle _____ mes pas guide
72%
Quand la musique _____, _____, _____ sonne - sonne - sonne
70%
Des champs de _____dans ma mémoire coton
68%
Quand elle __ ______ ___ ne triche pas
63%
Quand la _______ est bonne musique
62%
Quand la musique _____ donne
60%
Quand elle _____ mes pas guide
59%
Quand la musique _____, _____, _____ sonne - sonne - sonne
59%
J'ai trop rôdé dans les _______ ____ tobacco road
59%
Quand elle __ ______ ___ ne triche pas
54%
C'est un _______ pour une autre ________ recours - histoire
53%
Quand j'suis trop _____, quand j'suis trop ____ court - tard
52%
Y'a plus que les _______ qui me _________ caisses - résonnent
48%
Un peu de swing, un peu du ____ king
48%
J'ai plus d'_____, j'ai pas le _____ amour - temps
47%
Et quand je me _____, je voyage toujours en ______ casse - fraude
46%
Mais ça suffit pour se faire la _____ belle
45%
J'ai plus d'______, j'sais plus d'où _____ le vent humour - vient
44%
J'ai plus qu'un ____, une _________ clou - étincelle
41%
Des trucs en _____ qui me _______ les ailes plomb - brisent
39%
C'est pas l'_____, c'est pas la ____ usine - mine
38%
Pas mal de _______ __ __ ________ feeling et de décibels
34%
Aucun quiz correspondant
Distribution des résultats
% des personnes avec chaque résultat
Percentile par nombre de réponses
Votre historique - résultats
Vous n’avez pas pris ce quiz